000
00327nam a2200133Ia 4500
008
191201s2010 xx 000 0 und d
100
_a
GUPTA,J B
245
0
_a
Basic Electrical and Electronics Engineering
250
_a
Rep
260
_a
N. Delhi
_b
S.K.Kataria
_c
2010
300
_a
441
650
_a
B.Tech(ECE)
942
_2
ddc
_c
BK
999
_c
514
_d
514